[Event "AUTO-OPEN-4632"]
[Site "http://www.queenalice.com/game.php?id=1867443"]
[Date "2025.12.29"]
[Round "1"]
[White "peonaislado"]
[Black "rmvwoods"]
[Result "1-0"]
[WhiteElo "1741"]
[BlackElo "2055"]

1. d4 d5 2. c4 c6 3. Nf3 Nf6 4. Nc3 dxc4 5. e3 b5 6. a4 b4 7. Ne2 e6 8. Ng3 c3
9. b3 c5 10. dxc5 Qxd1+ 11. Kxd1 Bxc5 12. e4 Bxf2 13. e5 Nfd7 14. Ne4 Bb6 15.
Nd6+ Kf8 16. Nxc8 Nc6 17. Nxb6 Nxb6 18. Bb5 Rd8+ 19. Ke2 Na5 20. Rd1 Ke7 21.
Bg5+ f6 22. exf6+ gxf6 23. Bh4 Nxb3 24. Rxd8 Rxd8 25. Rf1 Nd5 26. Ne5 Nd4+ 27.
Kd3 Nxb5 28. axb5 Kd6 29. Nf7+ Ke7 30. Nxd8 Kxd8 31. Bxf6+ Kc7 32. Be5+ Kb6 33.
Bb8 a5 34. bxa6 Kxa6 35. Rf6 b3 36. Rxe6+ Kb7 37. Be5 b2 38. Kc2 Nb4+ 39. Kb1
1-0

[Event "AUTO-OPEN-4632"]
[Site "http://www.queenalice.com/game.php?id=1867444"]
[Date "2025.12.29"]
[Round "1"]
[White "rmvwoods"]
[Black "peonaislado"]
[Result "1-0"]
[WhiteElo "2067"]
[BlackElo "1763"]

1. e4 c5 2. c3 Nc6 3. Nf3 Nf6 4. e5 Nh5 5. d4 b6 6. g4 cxd4 7. cxd4 g5 8. gxh5
g4 9. Ng5 h6 10. Ne4 f5 11. exf6 exf6 12. Be3 d5 13. Ng3 Qe7 14. Qc2 Nxd4 15.
Qa4+ Bd7 16. Qxd4 Qe6 17. Nc3 Bc5 18. Qd3 d4 19. Kd2 dxe3+ 20. fxe3 Bc6 21. Qg6+
Kd7 22. e4 Kc7 23. Bd3 Rad8 24. Kc2 Rdg8 25. Qf5 Qxf5 26. Nxf5 a5 27. Rhf1 Rg5
28. Ng3 b5 29. Rxf6 Bg1 30. Nf5 Bxh2 31. Nxh6 g3 32. Ne2 g2 33. Nf7 Rhxh5 34.
Nxg5 Rxg5 35. Ng1 Rc5+ 36. Kd2 Kd7 37. Rg6 Bf4+ 38. Ke2 Bh2 39. Rxg2 Be5 40. Rb1
b4 41. Rg5 Kd6 42. Nf3 a4 43. Nxe5 Rxe5 44. Rxe5 Kxe5 45. Rc1 Be8 46. Rc4 1-0